[Event "World Youth Girl U18 2016"]
[Site "Khanty-Mansiysk RUS"]
[Date "2016.09.29"]
[Round "7.11"]
[White "Shivacheva, Donika"]
[Black "Unuk, Laura"]
[Result "1/2-1/2"]
[BlackTitle "WIM"]
[WhiteElo "2063"]
[BlackElo "2332"]
[WhiteFideId "2900840"]
[BlackFideId "14609215"]
[EventDate "2016.09.22"]

1. e4 e5 2. Nf3 Nc6 3. Nc3 Nf6 4. g3 d5 5. exd5 Nxd5 6. Bg2 Nxc3 7. bxc3 Bc5 8.
O-O O-O 9. d3 Bg4 10. Be3 Bb6 11. h3 Be6 12. Re1 f6 13. a4 Qd7 14. Kh2 Rad8 15.
Qe2 Rfe8 16. Rab1 Na5 17. c4 e4 18. c5 exf3 19. Qxf3 Qxa4 20. cxb6 axb6 21. Qh5
Bf7 22. Qe2 Nc6 23. Ra1 Qb4 24. Reb1 Qc3 25. Qd1 Bd5 26. Ra4 Bxg2 27. Kxg2 Ne5
28. Rf4 Qc6+ 29. Kh2 Ra8 30. d4 Ng6 31. d5 Qd6 32. Rd4 Ra2 33. Kg2 Ne7 34. Bf4
Qc5 35. Rd2 Nf5 36. Rb3 Re4 37. Rbd3 Nd6 38. Be3 Qa5 39. Qf3 Rc4 40. Bd4 Rcxc2
41. Rxc2 Rxc2 42. Bxf6 gxf6 43. Qxf6 Qe1 44. Qg5+ Kh8 45. Qf6+ Kg8 46. Qg5+ Kh8
47. Qf6+ Kg8 48. Qg5+ Kh8 1/2-1/2

[Event "World Youth Girl U18 2016"]
[Site "Khanty-Mansiysk RUS"]
[Date "2016.09.29"]
[Round "7.12"]
[White "Gazikova, Veronika"]
[Black "Trippold, Denise"]
[Result "1-0"]
[WhiteTitle "WFM"]
[BlackTitle "WFM"]
[WhiteElo "2213"]
[BlackElo "2068"]
[WhiteFideId "14919311"]
[BlackFideId "1625594"]
[EventDate "2016.09.22"]

1. Nf3 Nf6 2. g3 b6 3. Bg2 Bb7 4. d3 c5 5. e4 d6 6. O-O g6 7. Nbd2 Bg7 8. Nh4
Nc6 9. f4 O-O 10. Ndf3 Qc7 11. f5 Nd7 12. c3 Nde5 13. fxg6 hxg6 14. Ng5 Ba6 15.
Bh3 Bc8 16. Bf4 Bxh3 17. Nxh3 b5 18. Qd2 Qd7 19. Kg2 Ng4 20. Nf3 Rab8 21. Nf2
Nge5 22. Ng5 b4 23. h4 bxc3 24. bxc3 Rb6 25. Rab1 Rfb8 26. Rxb6 Rxb6 27. Qe2 Qb7
28. Bc1 Qd7 29. Nfh3 d5 30. h5 dxe4 31. hxg6 fxg6 32. Qxe4 Qxd3 33. Qh4 Qe2+ 34.
Rf2 Qh5 35. Qe4 Qd1 36. Rf1 Qd3 37. Qh4 Qe2+ 38. Kg1 Qh5 39. Qe4 Qg4 40. Bf4 Qd7
41. Bxe5 Rb2 42. Bxg7 1-0

[Event "World Youth Girl U18 2016"]
[Site "Khanty-Mansiysk RUS"]
[Date "2016.09.29"]
[Round "7.13"]
[White "Lingur, Zalina"]
[Black "Fuentes Godoy, Lilia Ivonne"]
[Result "1/2-1/2"]
[WhiteTitle "WFM"]
[BlackTitle "WIM"]
[WhiteElo "1986"]
[BlackElo "2142"]
[WhiteFideId "34165670"]
[BlackFideId "5104130"]
[EventDate "2016.09.22"]

1. d4 d5 2. c4 e6 3. cxd5 exd5 4. Nc3 c6 5. Nf3 Bd6 6. Bg5 Ne7 7. e3 f6 8. Bh4
Bf5 9. Be2 O-O 10. O-O Bg6 11. Bg3 Nf5 12. Bxd6 Nxd6 13. b4 Nd7 14. b5 Nb6 15.
bxc6 bxc6 16. Na4 Qe7 17. Nd2 Nf5 18. Nc5 Rfe8 19. Ba6 Rab8 20. Rc1 Na8 21. Ndb3
Rb6 22. Qd2 Nd6 23. Be2 Nc7 24. Na4 Ne4 25. Qa5 Rb7 26. Rxc6 Reb8 27. Rfc1 Nb5
28. Rc8+ Be8 29. Rxb8 Rxb8 30. Bf1 Qa3 31. Nac5 Qxa5 32. Nxa5 Nbc3 33. Nxe4 Nxe4
34. Nb3 Ba4 35. f3 Bxb3 36. fxe4 Bxa2 37. exd5 Bxd5 38. Bc4 Bxc4 39. Rxc4 a5 40.
Kf2 Ra8 41. Ra4 Kf7 42. e4 Ke6 43. Ke3 Kd6 44. Kd3 Kc6 45. Kc4 Kb6 46. Ra2 Rc8+
47. Kd5 Rd8+ 48. Kc4 Rc8+ 49. Kd5 Rd8+ 50. Kc4 Rc8+ 1/2-1/2

[Event "World Youth Girl U18 2016"]
[Site "Khanty-Mansiysk RUS"]
[Date "2016.09.29"]
[Round "7.14"]
[White "Auvray, Honorine"]
[Black "Vidic, Teja"]
[Result "0-1"]
[WhiteTitle "WFM"]
[BlackTitle "WFM"]
[WhiteElo "1961"]
[BlackElo "2121"]
[WhiteFideId "600512"]
[BlackFideId "14605511"]
[EventDate "2016.09.22"]

1. e4 e5 2. Nf3 Nc6 3. d4 exd4 4. c3 dxc3 5. Nxc3 d6 6. Bc4 Nf6 7. Qb3 Qd7 8.
Ng5 Ne5 9. Bb5 c6 10. f4 Neg4 11. Be2 Qc7 12. h3 Nh6 13. O-O d5 14. exd5 Bc5+
15. Kh1 O-O 16. dxc6 Nf5 17. Nce4 Nxe4 18. Nxe4 Nd4 19. Qc4 Bb6 20. cxb7 Qxb7
21. Ng5 Bf5 22. Bf3 Nxf3 23. Nxf3 Rac8 24. Qb3 Bc2 25. Qb5 Rfd8 26. Qg5 Be4 27.
Qg4 Rc2 28. a4 Bf2 29. Ra3 Qa6 30. Nh2 Rdc8 31. Rc3 R8xc3 32. bxc3 Bb6 33. Re1
f5 34. Qg5 Bxg2+ 35. Qxg2 Rxg2 36. Kxg2 Qxa4 37. Nf3 Qc2+ 38. Bd2 a5 39. Kg3 a4
40. Re8+ Kf7 41. Re5 h6 42. Rb5 Bd8 43. Rb7+ Kg6 44. Ra7 Bf6 45. Ra6 Kh5 46. Ra5
Qd3 47. Kg2 Bh4 48. Re5 a3 49. Be1 Bxe1 50. Nxe1 Qd2+ 51. Kg3 a2 52. Nf3 Qxc3
53. Rxf5+ Kg6 0-1

[Event "World Youth Girl U18 2016"]
[Site "Khanty-Mansiysk RUS"]
[Date "2016.09.29"]
[Round "7.15"]
[White "Marjina, Arina"]
[Black "Yakimenko, Anastasia"]
[Result "1-0"]
[WhiteTitle "WFM"]
[WhiteElo "2076"]
[BlackElo "1983"]
[WhiteFideId "34100242"]
[BlackFideId "24174980"]
[EventDate "2016.09.22"]

1. e4 c5 2. Nf3 Nc6 3. Bb5 g6 4. Bxc6 bxc6 5. O-O Bg7 6. Re1 Nf6 7. e5 Nd5 8. c4
Nc7 9. d4 cxd4 10. Qxd4 d5 11. Nc3 O-O 12. Qh4 Qd7 13. h3 f6 14. Bh6 Ne6 15.
exf6 exf6 16. Bxg7 Kxg7 17. Rad1 Qb7 18. cxd5 cxd5 19. Nxd5 Rf7 20. Nd4 Qxd5 21.
Nxe6+ Bxe6 22. Rxd5 Bxd5 23. a3 a5 24. b4 axb4 25. axb4 Rb7 26. Qd4 Bf7 27. Rc1
Rab8 28. Rc6 Rxb4 29. Qxf6+ Kg8 30. Rc7 Rf8 31. Kh2 Rb5 32. g4 Rd5 33. Ra7 Rb5
34. f4 h5 35. f5 gxf5 36. gxf5 Rd5 37. Qg5+ Kh8 38. Qh6+ Kg8 39. f6 1-0

[Event "World Youth Girl U18 2016"]
[Site "Khanty-Mansiysk RUS"]
[Date "2016.09.29"]
[Round "7.16"]
[White "Suchomelova, Simona"]
[Black "Yakimenko, Viktoria"]
[Result "0-1"]
[WhiteElo "1958"]
[BlackElo "2160"]
[WhiteFideId "348864"]
[BlackFideId "24174998"]
[EventDate "2016.09.22"]

1. e4 c5 2. Nf3 Nc6 3. d4 cxd4 4. Nxd4 e5 5. Nb5 d6 6. N1c3 a6 7. Na3 Be7 8. Nd5
Nf6 9. Nxf6+ gxf6 10. Bc4 Be6 11. c3 b5 12. Bd5 Rc8 13. Nc2 h5 14. Ne3 Qd7 15.
a4 b4 16. c4 a5 17. b3 Nb8 18. Bb2 Na6 19. Qc2 Bf8 20. Rd1 Nc5 21. Bc1 Bh6 22.
f3 h4 23. g4 hxg3 24. hxg3 Ke7 25. Ke2 Rcg8 26. Bxe6 fxe6 27. g4 Bg5 28. Ng2 Qd8
29. Be3 Bxe3 30. Nxe3 Rg7 31. Qb1 Rgh7 32. Rxh7+ Rxh7 33. Rf1 Rh2+ 34. Rf2 Qh8
35. Nd1 Rh1 36. Qc2 Qh4 37. Nb2 Qg3 38. Nd3 Qg1 39. Qd2 Nxb3 40. Qe1 Qxe1+ 41.
Nxe1 Nc1+ 42. Kd2 Rxe1 0-1

[Event "World Youth Girl U18 2016"]
[Site "Khanty-Mansiysk RUS"]
[Date "2016.09.29"]
[Round "7.17"]
[White "Meskenaite, Rugile"]
[Black "Mamontova, Anastasia"]
[Result "0-1"]
[BlackTitle "WFM"]
[WhiteElo "1709"]
[BlackElo "2021"]
[WhiteFideId "12806587"]
[BlackFideId "34100234"]
[EventDate "2016.09.22"]

1. e4 c6 2. d4 d5 3. exd5 cxd5 4. c4 Nf6 5. Nc3 Nc6 6. Nf3 g6 7. Bd3 Bg7 8. O-O
O-O 9. Re1 Bg4 10. Be3 Nb4 11. Be2 dxc4 12. Bxc4 Bxf3 13. gxf3 Rc8 14. Bf1 Nfd5
15. Nxd5 Qxd5 16. b3 b5 17. Rc1 Rxc1 18. Qxc1 a5 19. Qc5 Qxc5 20. dxc5 Nxa2 21.
Bxb5 Rb8 22. c6 Be5 23. Bc4 Bd6 24. Ra1 Nb4 25. Rxa5 Nxc6 26. Rb5 Rc8 27. f4 Kg7
28. Kg2 Rc7 29. Kf3 Kf6 30. Ke4 e6 31. Rb6 Ke7 32. Bb5 Nb4 33. Ba4 f5+ 34. Kf3
Nd5 35. Rc6 Rb7 36. Bc5 Bxc5 37. Rxc5 Rb4 38. Rc4 Rxc4 39. bxc4 Nc3 40. Bb3 Ne4
41. Ke3 Kd6 42. Bc2 Nf6 43. f3 Kc5 44. Bd3 Nd7 45. Bb1 Nb8 46. Ba2 Nc6 47. Bb3
Nd4 48. Ba2 Nc2+ 49. Kd2 Nb4 50. Bb3 Kd4 51. c5 Nd5 52. c6 Nc7 53. Ke2 Kc5 54.
Ba4 Kb4 55. Bc2 Kb5 56. Kf2 Kxc6 57. Kg3 Kd5 58. Kh4 h6 59. Kg3 Kd4 60. Bb3 Nd5
61. h4 h5 62. Ba4 Ke3 63. Be8 Nxf4 64. Bf7 e5 65. Bc4 Ne2+ 66. Kg2 Nd4 67. Bd5
Kf4 0-1

[Event "World Youth Girl U18 2016"]
[Site "Khanty-Mansiysk RUS"]
[Date "2016.09.29"]
[Round "7.18"]
[White "Parhomenko, Margarita"]
[Black "Liscinska, Jana"]
[Result "1-0"]
[WhiteElo "1940"]
[BlackElo "1712"]
[WhiteFideId "11603216"]
[BlackFideId "14928612"]
[EventDate "2016.09.22"]

1. Nf3 Nf6 2. g3 g6 3. Bg2 Bg7 4. d4 d6 5. c4 Nbd7 6. Qc2 c5 7. O-O O-O 8. Nc3
Rb8 9. Rd1 a6 10. a4 Qc7 11. b3 Re8 12. e4 cxd4 13. Nxd4 Nc5 14. h3 Ne6 15. Be3
Bd7 16. a5 Qc8 17. Kh2 Bc6 18. b4 Bd7 19. Qd3 b6 20. axb6 Nxd4 21. Bxd4 Be6 22.
Nd5 Nd7 23. Bxg7 Kxg7 24. Nc7 Rf8 25. c5 Ne5 26. Qd4 Kg8 27. Nxa6 Rb7 28. b5 Qd8
29. c6 1-0

[Event "World Youth Girl U18 2016"]
[Site "Khanty-Mansiysk RUS"]
[Date "2016.09.29"]
[Round "7.19"]
[White "Oljobai Kyzy, Alisa"]
[Black "Jibuti, Nata"]
[Result "0-1"]
[BlackTitle "WFM"]
[WhiteElo "1672"]
[BlackElo "1865"]
[WhiteFideId "13801953"]
[BlackFideId "13603094"]
[EventDate "2016.09.22"]

1. e4 c5 2. c3 d5 3. exd5 Qxd5 4. d4 Nc6 5. Nf3 Bf5 6. Be2 cxd4 7. cxd4 Bxb1 8.
Rxb1 e6 9. a3 Nf6 10. O-O Be7 11. b3 O-O 12. Bc4 Qd6 13. h3 Nd5 14. Bb2 Bf6 15.
Qe1 Rfd8 16. Rd1 Rac8 17. Qe4 Na5 18. Ne5 g6 19. Qf3 Qe7 20. Bxd5 Rxd5 21. Ng4
Bg7 22. Rfe1 Qd8 23. Rc1 Rxc1 24. Rxc1 Nc6 25. Re1 Nxd4 26. Bxd4 Bxd4 27. Nh6+
Kg7 28. Qxf7+ Kxh6 29. Qf4+ Qg5 30. Qf8+ Bg7 31. Qf7 Qf6 32. Qxb7 a5 33. Qc6 Rd2
34. Qc5 Rd5 35. Qc1+ Qg5 36. f4 Bd4+ 37. Kh1 Qf5 38. g4 Qf7 39. f5+ Kg7 40. Rxe6
Qb7 41. Kh2 Rc5 42. Qd1 Qc7+ 43. Kg2 Rc2+ 44. Kf1 Rf2+ 45. Ke1 Qc3+ 0-1

[Event "World Youth Girl U18 2016"]
[Site "Khanty-Mansiysk RUS"]
[Date "2016.09.29"]
[Round "7.20"]
[White "Methmani, Nelunika"]
[Black "Yolal, Sena Gokcen"]
[Result "0-1"]
[WhiteTitle "WIM"]
[WhiteElo "1612"]
[BlackElo "1737"]
[WhiteFideId "9910050"]
[BlackFideId "6337031"]
[EventDate "2016.09.22"]

1. d4 Nf6 2. c4 g6 3. f3 d5 4. cxd5 Nxd5 5. e4 Nf6 6. Be3 Bg7 7. Nc3 O-O 8. Qd2
c6 9. Bc4 b5 10. Bb3 a5 11. a4 b4 12. Nce2 Ba6 13. O-O-O Nbd7 14. Qc2 Rc8 15.
Kb1 Qb6 16. g4 e5 17. h4 exd4 18. Nxd4 c5 19. Nb5 Bxb5 20. axb5 Qc7 21. Rc1 a4
22. Bxa4 c4 23. b6 Nxb6 24. Bb3 Nfd7 25. f4 Qb7 26. Nf3 cxb3 27. Qd3 Qa8 28.
Qxb3 Qxe4+ 29. Rc2 Qxf3 0-1

[Event "World Youth Girl U18 2016"]
[Site "Khanty-Mansiysk RUS"]
[Date "2016.09.29"]
[Round "7.21"]
[White "Uktamova, Marjona"]
[Black "Wu, Min"]
[Result "1-0"]
[WhiteElo "1542"]
[BlackElo "1996"]
[WhiteFideId "14209128"]
[BlackFideId "1631969"]
[EventDate "2016.09.22"]

1. e4 e5 2. Nf3 Nc6 3. Bc4 Bc5 4. c3 Nf6 5. d4 exd4 6. cxd4 Bb4+ 7. Bd2 Bxd2+ 8.
Nbxd2 d5 9. exd5 Nxd5 10. Qb3 Na5 11. Qa4+ Nc6 12. O-O O-O 13. Qc2 h6 14. a4
Ncb4 15. Qb3 a5 16. Rac1 b6 17. Ne5 Bb7 18. Ndf3 Qd6 19. Nh4 Qf6 20. Qg3 Rad8
21. Rfd1 Rfe8 22. Ng4 Qd6 23. Ne5 Qf6 24. h3 c6 25. Nhf3 Re7 26. Nd2 Qf4 27.
Qxf4 Nxf4 28. Ndf3 Nfd5 29. Kh2 g6 30. Re1 Kg7 31. Bxd5 cxd5 32. Re3 Rd6 33. Ne1
Ba6 34. Nc2 Nxc2 35. Rxc2 f6 36. Ng4 Rxe3 37. Nxe3 f5 38. Kg3 Kf6 39. Rc3 Be2
40. f3 Ba6 41. b3 Be2 42. Kf2 Ba6 43. Rc7 Bd3 44. Ke1 Kg5 45. Kf2 h5 46. g3 Kf6
47. h4 Ba6 48. Ke1 Ke6 49. Kd2 Kf6 50. Ng2 Re6 51. Nf4 Rd6 52. Ke3 Bf1 53. Ra7
Rd8 54. Kf2 Bc4 55. bxc4 dxc4 56. d5 g5 57. hxg5+ Ke5 58. Ke3 c3 59. Rc7 Rg8 60.
g6 1-0

[Event "World Youth Girl U18 2016"]
[Site "Khanty-Mansiysk RUS"]
[Date "2016.09.29"]
[Round "7.22"]
[White "Xiang, Evan"]
[Black "Hwang, Chyi"]
[Result "1-0"]
[WhiteTitle "WFM"]
[WhiteElo "1948"]
[BlackElo "1356"]
[WhiteFideId "2005816"]
[BlackFideId "16300920"]
[EventDate "2016.09.22"]

1. d4 d5 2. Bf4 Nf6 3. Nf3 e6 4. e3 c5 5. c3 Nc6 6. Nbd2 a6 7. Ne5 Nxe5 8. dxe5
Nd7 9. Qa4 c4 10. e4 b5 11. Qc2 Nb6 12. Rd1 Be7 13. Be2 Bg5 14. Bg3 Bh4 15. exd5
Nxd5 16. Ne4 Be7 17. b3 cxb3 18. axb3 Qb6 19. O-O O-O 20. Bf3 Bb7 21. Qe2 Rfd8
22. Rd2 Rac8 23. Rfd1 Nc7 24. h3 Bxe4 25. Bxe4 Rxd2 26. Qxd2 Ne8 27. Qc2 Rd8 28.
Bxh7+ Kf8 29. Be4 Rxd1+ 30. Qxd1 Qd8 31. Qh5 f6 32. Bg6 Bc5 33. exf6 gxf6 34.
Qxc5+ 1-0

[Event "World Youth Girl U18 2016"]
[Site "Khanty-Mansiysk RUS"]
[Date "2016.09.29"]
[Round "7.23"]
[White "Albekova, Dilyara"]
[Black "Alijanzadeh, Mohadeseh"]
[Result "1-0"]
[WhiteElo "1784"]
[BlackElo "1824"]
[WhiteFideId "13705628"]
[BlackFideId "12508632"]
[EventDate "2016.09.22"]

1. e4 e5 2. Nc3 Nf6 3. Bc4 Nxe4 4. Qh5 Nd6 5. Bb3 Be7 6. Qxe5 O-O 7. Nge2 Nc6 8.
Qh5 g6 9. Qf3 Bf6 10. Nd5 Bg7 11. h4 Nf5 12. c3 Ne5 13. Qh3 d6 14. f4 Nd4 15.
Qg3 Nxe2 16. Kxe2 Ng4 17. Ne3 h5 18. d4 Re8 19. Bd2 c5 20. d5 b5 21. Rae1 Nxe3
22. Bxe3 b4 23. cxb4 Bxb2 24. bxc5 Bc3 25. Rd1 Bg4+ 26. Kf2 Bxd1 27. Rxd1 Bf6
28. Qf3 dxc5 29. d6 Qa5 30. d7 Rf8 31. Qc6 Kg7 32. Bxc5 Rfd8 33. Qd5 Qc3 34.
Qxf7+ Kh6 35. Be3 Bxh4+ 36. Ke2 Qg7 37. f5+ g5 38. Rd6+ Kh7 39. Qxh5+ 1-0

[Event "World Youth Girl U18 2016"]
[Site "Khanty-Mansiysk RUS"]
[Date "2016.09.29"]
[Round "7.24"]
[White "Sit, Victoria"]
[Black "Tao, Rachel Long-Xin"]
[Result "1-0"]
[BlackTitle "WCM"]
[WhiteElo "1768"]
[BlackElo "1649"]
[WhiteFideId "425524"]
[BlackFideId "2616300"]
[EventDate "2016.09.22"]

1. d4 Nf6 2. c4 g6 3. Nf3 Bg7 4. g3 c6 5. Bg2 O-O 6. O-O d5 7. b3 Bf5 8. Bb2
Nbd7 9. Nbd2 Ne4 10. Nh4 Nxd2 11. Qxd2 Be6 12. Rac1 f5 13. Qe3 Bf7 14. Nf3 h6
15. h4 Re8 16. cxd5 Bxd5 17. Rfd1 e6 18. Qd2 Kh7 19. Qb4 Qb6 20. Qd2 a5 21. Ne1
Bxg2 22. Kxg2 a4 23. b4 Rad8 24. a3 Nf6 25. e3 Nd5 26. Nd3 e5 27. dxe5 Bxe5 28.
Bxe5 Rxe5 29. Kh2 Ree8 30. Qc2 Qb5 31. Nc5 Ra8 32. Qb2 Re7 33. Nd3 b6 34. Ne5
Rc8 35. Nf3 Nc7 36. Nd4 Qe5 37. Rxc6 Rb8 38. Qc2 Ne8 39. Qxa4 Nf6 40. Kg1 Ng4
41. Qc2 Rbb7 42. Rc3 Rbd7 43. Rcd3 Rc7 44. Qe2 Qf6 45. Nb5 Rc8 46. Rd6 Re6 47.
Rxe6 Qxe6 48. Rd6 Rc1+ 49. Rd1 Rxd1+ 50. Qxd1 Qc4 51. Qd7+ Kg8 52. Qd8+ Kh7 53.
Qc7+ Qxc7 54. Nxc7 Ne5 55. a4 Nc6 56. Nd5 b5 57. axb5 Nb8 58. Kg2 Kg7 59. Kf3
Kf7 60. e4 fxe4+ 61. Kxe4 Ke6 62. g4 Kd6 63. f4 1-0

[Event "World Youth Girl U18 2016"]
[Site "Khanty-Mansiysk RUS"]
[Date "2016.09.29"]
[Round "7.25"]
[White "Kolver, Michelle"]
[Black "Bandara, T B S H"]
[Result "0-1"]
[WhiteTitle "WCM"]
[WhiteElo "1485"]
[BlackElo "1543"]
[WhiteFideId "14307839"]
[BlackFideId "9918477"]
[EventDate "2016.09.22"]

1. d4 d5 2. Nf3 e6 3. Bg5 Nf6 4. Nbd2 Be7 5. e3 Nbd7 6. Bd3 c5 7. c3 b6 8. Qe2
Bb7 9. e4 dxe4 10. Bxe4 Nxe4 11. Nxe4 O-O 12. Bxe7 Qxe7 13. O-O cxd4 14. Nxd4
Nc5 15. Nxc5 Qxc5 16. Rfe1 Qg5 17. f3 Rfd8 18. Qe5 Qxe5 19. Rxe5 Rd5 20. Rae1
Rad8 21. Kf2 Kf8 22. Kg3 Ke7 23. R1e2 Kf6 24. f4 a6 25. Kh3 h6 26. g4 g5 27. Kg3
gxf4+ 28. Kxf4 Rxe5 29. Rxe5 Rd5 30. Nf3 Rd3 31. Nd4 Rd1 32. Rh5 e5+ 33. Kg3
exd4 34. Rxh6+ Ke7 35. Rxb6 Rd3+ 36. Kf4 Bc8 37. Rc6 Kd7 38. Rf6 Ke7 39. Rc6 Be6
40. a3 dxc3 41. Rxc3 Rd4+ 42. Ke5 Rxg4 43. Rc7+ Kd8 44. Ra7 a5 45. Kd6 Rd4+ 46.
Kc5 Rd2 47. Rxa5 Rxb2 48. Ra8+ Kc7 49. h4 Rc2+ 50. Kb5 Rc3 51. a4 Rb3+ 52. Kc5
Rc3+ 53. Kb5 Kd6 54. a5 Rc5+ 55. Kb6 Rh5 56. Rd8+ Ke5 57. a6 Bd5 58. a7 Bf3 59.
Rd3 Be4 60. Re3 Rh8 61. h5 f5 62. h6 Rxh6+ 63. Kc7 Rh8 64. Rxe4+ fxe4 0-1

[Event "World Youth Girl U18 2016"]
[Site "Khanty-Mansiysk RUS"]
[Date "2016.09.30"]
[Round "8.1"]
[White "Ghukasyan, Siranush"]
[Black "Obolentseva, Alexandra"]
[Result "0-1"]
[BlackTitle "WFM"]
[WhiteElo "2106"]
[BlackElo "2331"]
[WhiteFideId "13300946"]
[BlackFideId "24153648"]
[EventDate "2016.09.22"]

1. d4 Nf6 2. c4 g6 3. Nc3 Bg7 4. Nf3 O-O 5. g3 d6 6. Bg2 Nbd7 7. O-O e5 8. e4 a6
9. dxe5 dxe5 10. Qc2 c6 11. b3 Qa5 12. Bd2 Qc7 13. Na4 b5 14. Nc3 bxc4 15. bxc4
Nc5 16. Be3 Ne6 17. h3 Nd7 18. Rfd1 Ndc5 19. Rac1 Re8 20. Nd5 Qa5 21. Bd2 Qa4
22. Qxa4 Nxa4 23. Nb4 Nb2 24. Rf1 Bb7 25. Bc3 Na4 26. Ba1 Nec5 27. Nh2 Rad8 28.
Rfd1 h5 29. Nf1 f6 30. Ne3 Bh6 31. Nbc2 Kf7 32. Kf1 a5 33. Ke2 Ba6 34. Na3 Ke7
35. f3 h4 36. gxh4 Ne6 37. Bf1 Rh8 38. h5 Rxd1 39. Rxd1 Bxe3 40. Kxe3 Rxh5 41.
Nb1 Nec5 42. Nd2 Bc8 43. Nb3 Nb7 44. Rc1 Bxh3 45. Be2 Be6 46. Bd1 Rh2 47. Nd2
Nbc5 48. Rb1 Bd7 49. Rb8 Kd6 50. Ra8 f5 51. Bxe5+ Kxe5 52. f4+ Kd6 53. e5+ Ke7
54. Rxa5 Nb2 55. Be2 Ne6 56. Nf3 Rh1 57. Nd4 Nd1+ 0-1

[Event "World Youth Girl U18 2016"]
[Site "Khanty-Mansiysk RUS"]
[Date "2016.09.30"]
[Round "8.2"]
[White "Tsolakidou, Stavroula"]
[Black "Lahav, Michal"]
[Result "1/2-1/2"]
[WhiteTitle "WGM"]
[WhiteElo "2355"]
[BlackElo "2054"]
[WhiteFideId "4264312"]
[BlackFideId "2813742"]
[EventDate "2016.09.22"]

1. d4 Nf6 2. c4 e6 3. g3 c5 4. Nf3 cxd4 5. Nxd4 Qc7 6. Nd2 a6 7. Bg2 Nc6 8. N2f3
Nxd4 9. Qxd4 Bc5 10. Qd3 b5 11. cxb5 Qa5+ 12. Bd2 Qxb5 13. Qxb5 axb5 14. Nd4 Rb8
15. Bf4 d6 16. Rc1 Bxd4 17. Bxd6 Bb7 18. Bxb8 Bxg2 19. Rc8+ Kd7 20. Rxh8 Bxh1
21. f3 e5 22. Rf8 Ke7 23. Rc8 e4 24. Ba7 Bxa7 25. Rc7+ Nd7 26. Rxa7 exf3 27. Ra5
fxe2 28. Rxb5 Bf3 29. a4 Kd6 30. Rb3 Ne5 31. a5 Kd5 32. Kd2 Kd4 33. Rb4+ Nc4+
34. Ke1 Kd3 35. Rb3+ Ke4 36. Rb4 Kd3 37. Rb3+ Ke4 1/2-1/2

[Event "World Youth Girl U18 2016"]
[Site "Khanty-Mansiysk RUS"]
[Date "2016.09.30"]
[Round "8.3"]
[White "Balajayeva, Khanim"]
[Black "Khomeriki, Nino"]
[Result "0-1"]
[WhiteTitle "WFM"]
[BlackTitle "WIM"]
[WhiteElo "2147"]
[BlackElo "2357"]
[WhiteFideId "13406396"]
[BlackFideId "13603191"]
[EventDate "2016.09.22"]

1. e4 e5 2. Nf3 Nc6 3. Bc4 Nf6 4. d3 Be7 5. O-O O-O 6. Re1 d6 7. a4 Kh8 8. Nbd2
Ng8 9. c3 f5 10. a5 a6 11. Qb3 f4 12. d4 g5 13. dxe5 dxe5 14. Bd5 Bf6 15. Rd1 g4
16. Ne1 Qe8 17. Nf1 Qh5 18. Qc2 Nce7 19. Bc4 Nh6 20. b4 Nf7 21. Bxf7 Qxf7 22.
Rb1 Be6 23. Ba3 Ba2 24. Rb2 Bc4 25. Rd7 Rac8 26. Qd1 Bb5 27. Rdd2 Qc4 28. Nd3
Qxe4 29. Nc5 Qf5 30. Nd7 Rg8 31. Nxf6 Qxf6 32. Rb1 Nf5 33. Bb2 Bc4 34. Qe1 Nd6
35. Rdd1 Rce8 36. Ba1 Qf5 37. Nd2 Bd3 38. Rb2 h5 39. c4 Kh7 40. c5 Nb5 41. Nf1
Nd4 42. Kh1 Bb5 43. Qc3 h4 0-1

[Event "World Youth Girl U18 2016"]
[Site "Khanty-Mansiysk RUS"]
[Date "2016.09.30"]
[Round "8.4"]
[White "Heinemann, Josefine"]
[Black "Uuriintuya, Uurtsaikh"]
[Result "1/2-1/2"]
[WhiteTitle "WIM"]
[BlackTitle "WIM"]
[WhiteElo "2242"]
[BlackElo "2228"]
[WhiteFideId "12900460"]
[BlackFideId "4900227"]
[EventDate "2016.09.22"]

1. e4 c5 2. Nf3 Nc6 3. d4 cxd4 4. Nxd4 g6 5. c4 Bg7 6. Be3 Nf6 7. Nc3 O-O 8. Be2
d6 9. O-O Bd7 10. Nc2 Rc8 11. f4 a6 12. Rc1 Qc7 13. Qd2 Qb8 14. c5 Bg4 15. cxd6
exd6 16. Bd3 Bd7 17. Bb6 Rfe8 18. Ne3 Nd8 19. Ned5 Bc6 20. Bd4 Bxd5 21. Bxf6
Bxf6 22. Nxd5 Bg7 23. Kh1 Rxc1 24. Qxc1 Nc6 25. Qd2 Qa7 26. Bb1 Qd4 27. Qxd4
Nxd4 28. Rc1 Ne6 29. b4 Kf8 30. g3 Bb2 31. Rc2 Bd4 32. Kg2 h5 33. h4 a5 34. bxa5
Nc5 35. Rc4 Ba1 36. e5 Ra8 37. exd6 Rxa5 38. a4 Ke8 39. Nb6 f5 40. g4 hxg4 41.
h5 gxh5 42. Bxf5 Kd8 43. Kg3 Bg7 44. Bg6 Bf8 45. Bxh5 Ra6 46. Rxc5 Rxb6 47. Rd5
Bxd6 48. Kxg4 Ke7 49. a5 Rb4 50. Rf5 Kd7 51. Bf7 Bxf4 52. Rxf4 Rxf4+ 53. Kxf4
Kc6 54. Bc4 Kc5 55. a6 bxa6 56. Bxa6 1/2-1/2

[Event "World Youth Girl U18 2016"]
[Site "Khanty-Mansiysk RUS"]
[Date "2016.09.30"]
[Round "8.5"]
[White "Stanciu, Ioana-Georgiana"]
[Black "Assaubayeva, Bibisara"]
[Result "1-0"]
[BlackTitle "WFM"]
[WhiteElo "1931"]
[BlackElo "2287"]
[WhiteFideId "1202294"]
[BlackFideId "13708694"]
[EventDate "2016.09.22"]

1. e4 e5 2. Nf3 Nc6 3. d4 exd4 4. Nxd4 Nf6 5. Nc3 Bb4 6. Nxc6 bxc6 7. Bd3 d5 8.
exd5 cxd5 9. O-O O-O 10. Bg5 c6 11. Qf3 Bd6 12. Rfe1 h6 13. Bh4 Rb8 14. Ne2 Be5
15. c3 Qd6 16. h3 Rxb2 17. Nd4 g5 18. Rxe5 Qxe5 19. Bg3 Qe7 20. Nxc6 Qe6 21. Nd4
Qb6 22. Re1 Ne4 23. Bxe4 dxe4 24. Qxe4 Bb7 25. Qd3 Qa6 26. Qe3 f5 27. Qe7 Qf6
28. Qa3 Rb6 29. Bc7 Rc6 30. Qb3+ Qf7 31. Nxc6 Bxc6 32. Re6 Bd7 33. Rxh6 Qxb3 34.
axb3 Rc8 35. Be5 Rc6 36. Rh8+ Kf7 37. Ra8 a6 38. Ra7 Ke7 39. Kf1 Kd8 40. Ra8+
Bc8 41. Bd4 Kc7 42. Be5+ Kd8 43. Ra7 Bd7 44. Rb7 Ke7 45. Bd4 Re6 46. c4 Kd8 47.
Rb6 Rxb6 48. Bxb6+ Ke7 49. Ke2 f4 50. f3 Bf5 51. b4 Bg6 52. Kd2 Kd7 53. Kc3 Ke7
54. Kd4 Bh7 55. b5 axb5 56. cxb5 Kd7 57. Bc5 Bc2 58. Bf8 Bd1 59. Kc5 Be2 60. b6
Bf1 61. Bd6 Ba6 62. h4 gxh4 63. Bxf4 Bb7 64. Kb5 Ke6 65. Bg5 h3 66. gxh3 Bxf3
67. Ka6 Kf5 68. h4 Be2+ 69. Ka7 Bf3 70. b7 1-0